Normal view
MARC view
- NABILA PERVEEN
Entry Personal Name
001 - CONTROL NUMBER
- control field: 70512
003 - CONTROL NUMBER IDENTIFIER
- control field: NUST
005 - DATE AND TIME OF LATEST TRANSACTION
- control field: 20210628204505.0
008 - FIXED-LENGTH DATA ELEMENTS
- fixed length control field: 210628|| aca||aabn | a|a d
040 ## - CATALOGING SOURCE
- Original cataloging agency: NUST
- Transcribing agency: NUST
100 ## - HEADING--PERSONAL NAME
- Personal name: NABILA PERVEEN
670 ## - SOURCE DATA FOUND
- Source citation: Work cat.: (NUST): NABILA PERVEEN , TH-SOF-1022-RULE BASED INFERENCE ENGINE FOR CLASSIFICATION OF EXPERT, 2014
